| 000 | 00889nam a2200217 a 4500 | ||
|---|---|---|---|
| 001 | 000002041 | ||
| 005 | 20240301140905.0 | ||
| 008 | 090630s2008 dr 001 0 spa d | ||
| 040 |
_aDO-SdBNP _bspa _cBNPHU |
||
| 082 |
_a347.035 _bV422h |
||
| 100 | 1 |
_aVega B., Wenceslao, _d1932- _938670 |
|
| 245 | 1 | 0 |
_aHistoria de la Corte de Casación dominicana (1908 - 2008) / _cWenceslao Vega. |
| 260 |
_aSanto Domingo : _bSuprema corte de justicia: Academia Dominicana de la Historia., _c2008. |
||
| 300 |
_a315p. : _bil. ; _c24 cm. |
||
| 500 | _aIncluye índice. | ||
| 590 | _aLa biblioteca posee 3 ejemplares autografíados por el autor | ||
| 651 | 4 |
_aRepública Dominicana. Suprema Corte De Justicia _xHistoria _y1908-2008 _96581 |
|
| 650 | 4 |
_aRecurso de casación _xHistoria _zRepública Dominicana _96582 |
|
| 650 | 4 |
_aAbogados _zRepública Dominicana _xBiografías _96583 |
|
| 650 | 4 |
_aDiscursos _96584 |
|
| 999 |
_c1906 _d1906 |
||